| 000 | 00704nam a2200277 a 4500 | ||
|---|---|---|---|
| 005 | 20140311161024.0 | ||
| 008 | 040610s19uu xx 00 eng d | ||
| 020 | _a0070272603 | ||
| 050 |
_aQP 34.5 _b.Se418 2002 |
||
| 100 | _aSeeley, Rod R. | ||
| 245 |
_aEssentials of anatomy and physiology/. _cRod R. Seeley |
||
| 250 | _a4th. | ||
| 260 |
_aBoston : _bMcGraw Hill, _c2002. |
||
| 300 |
_a644 p. : _bill. col. ; _c27 cm. |
||
| 521 | _aNUR | ||
| 650 | _aHuman physiology. | ||
| 650 | _aHuman anatomy. | ||
| 700 | _aStephens, Trent D. | ||
| 700 | _aTate, Philip | ||
| 942 |
_cBK _2lcc _kFOR |
||
| 999 |
_c20574 _d20574 |
||